| 000 | 01075nam a22002057a 4500 | ||
|---|---|---|---|
| 999 |
_c59103 _d59103 |
||
| 003 | Ge_BSU | ||
| 005 | 20221125114752.0 | ||
| 008 | 221125s1971ge xxu||||| |||| 00| 0 geo d | ||
| 041 | _ageo | ||
| 080 | _a821.111-31 თ-41 | ||
| 100 |
_aთეკერეი, უილიამ. _912653 |
||
| 245 |
_aამაოების ბაზარი. _b წ. 1 / _cუილიამ თეკერეი ; თარგმ. და წინასიტყვაობა ალ. გამყრელიძისა. |
||
| 264 |
_aთბილისი : _b საბჭ. საქართველო, _c1971. |
||
| 300 |
_a557 გვ. : _b1 ფ. პორტრ. _c22 სმ. |
||
| 440 |
_aმსოფლიო ლიტერატურის ბიბლიოთეკა : სერია პირველი ტ. 43 _916093 |
||
| 653 | _aამაოების ბაზარი | ||
| 653 | _aმხატვრული ლიტერატურა | ||
| 700 |
_aგამყრელიძე, ა _eმთარგმნელი _911777 |
||
| 942 |
_2udc _cBK |
||